Qu'est-ce que la littérature?

Saved in:
Bibliographic Details
Main Author: Du Bos, Charles, 1882-1939
Other Authors: Du Bos, Juliette Siry (tr.)
Format: Book
Language:French
Published: Paris, Plon [1945]
Series:"Présences"
Subjects:
LEADER 01317nam a2200289 4500
001 c000327305
003 CARM
005 00000000000000.0
008 790209s1945 fr c 00010 fre
019 1 |a 1266870  |z 27999200  |5 LACONCORD2021 
035 |a (OCoLC)3720258  |5 LACONCORD2021 
040 |c WaPS 
050 0 0 |a PN45  |b .D7853 
100 1 |a Du Bos, Charles,  |d 1882-1939. 
245 1 0 |a Qu'est-ce que la littérature?  |c Traduit de l'anglais par mme Charles Du Bos, et Dernier journal intime, suivi de Hommage à Ch. Du Bos, par François Mauriac ... Charles Morgan, Camille Mayran [etc.] 
260 |a Paris,  |b Plon  |c [1945] 
300 |a 3 p. l., ii p., 1 l., 276 p., 1 l.  |b front. (port.)  |c 19 cm. 
490 0 |a "Présences" 
500 |a Qu'est-ce que le littérature? is composed of four lectures delivered before the faculty of Saint Mary's college, Notre Dame, Indiana, in 1938. cf. Avant-propos. 
650 0 |a Literature  |x Philosophy. 
700 1 |a Du Bos, Juliette Siry.  |e tr. 
740 |a Dernier journal intime. 
740 |a Hommage à Charles Du Bos. 
852 8 |b CARM  |h A1:AM27F0  |i A05115  |p 0439115  |f BK 
082 0 4 |a 801 
999 f f |i b1f3015f-790b-5d75-bb3b-ff69a7293b4d  |s db4cc8c9-e835-5439-bc3a-efb144b8398f 
952 f f |p Can circulate  |a CAVAL  |b CAVAL  |c CAVAL  |d CARM 1 Store  |e A05115  |f A1:AM27F0  |h Other scheme  |i book  |m 0439115